|
|
|
|
| LEADER |
00000cam a2200000 c 4500 |
| 001 |
213055007 |
| 003 |
DE-627 |
| 005 |
20240723092050.0 |
| 007 |
tu |
| 008 |
960725s1655 fr ||||| 00| ||fre c |
| 026 |
|
|
|e ntnt ,&u- enE- gnde 3 1655R
|2 fei
|5 DE-39
|
| 035 |
|
|
|a (DE-627)213055007
|
| 035 |
|
|
|a (DE-576)9213055005
|
| 035 |
|
|
|a (DE-599)GBV213055007
|
| 035 |
|
|
|a (OCoLC)77994025
|
| 040 |
|
|
|a DE-627
|b ger
|c DE-627
|e rakwb
|
| 041 |
|
|
|a fre
|h ita
|
| 044 |
|
|
|c XA-FR
|
| 084 |
|
|
|a 11.54
|2 bkl
|
| 100 |
1 |
|
|0 (DE-588)118751336
|0 (DE-627)137841558
|0 (DE-576)162861915
|4 aut
|a Sarpi, Paolo
|d 1552-1623
|
| 109 |
|
|
|a Paolo padre 1552-1623
|a Paullus 1552-1623
|a Paulus de Venetiis 1552-1623
|a Suave Polanus, Petrus 1552-1623
|a Suavis, Petrus 1552-1623
|a Paulus von Venedig 1552-1623
|a Paulus Frater 1552-1623
|a Paolo da Venetia 1552-1623
|a Paulus Pater 1552-1623
|a Paul padre 1552-1623
|a Soave, Pierre 1552-1623
|a Paolo Servita 1552-1623
|a Sarpi, Paolo fra 1552-1623
|a Franciscus de Ingenuis 1552-1623
|a Sarpi, Paolo 1552-1623
|a Venetus, Paulus 1552-1623
|a Paul Father 1552-1623
|a Suavis Polanus, Petrus 1552-1623
|a Ingenuis, Franciscus de 1552-1623
|a Ingenuis, Franciscus 1552-1623
|a Servita, Paolo 1552-1623
|a Paolo da Vinetia 1552-1623
|a Servite, Paolo 1552-1623
|a Soave Polano, Pietro 1552-1623
|a Soave, Pietro 1552-1623
|a Paul père 1552-1623
|a Paulus Servita 1552-1623
|a Suave Polanis, Petrus 1552-1623
|a Paulo Sarpio 1552-1623
|a Sarpius, Paulus 1552-1623
|a Soave, Pietro P. 1552-1623
|a Paolo, Padre 1552-1623
|a Polanus, Petrus Suavis 1552-1623
|a Sardus, Joannes-Simon 1552-1623
|a Sarpius, Petrus 1552-1623
|a Minuci, Minucio 1552-1623
|a Sarpi, Paulus 1552-1623
|a Ingenuis Franciscus 1552-1623
|a Polanus, Petrus S. 1552-1623
|a Sarpi, Paul 1552-1623
|a Sarpi, Petrus 1552-1623
|a Polan, Pierre Soave 1552-1623
|a Sarpi, Fra-Paolo 1552-1623
|a Paul de l'ordre de Servi 1552-1623
|a Sarpi, Pietro 1552-1623
|a Paulus Magister 1552-1623
|a Sardus, Johannes Simon 1552-1623
|a Sarpius, Paul 1552-1623
|a Paulus Sarpus 1552-1623
|a Soave Polan, Pierre 1552-1623
|a Polano, Pietro Soave 1552-1623
|a Sarpus, Paulus 1552-1623
|a Soave, Petrus 1552-1623
|a Sarpus, Petrus 1552-1623
|a Sardi, Giovanni Simone 1552-1623
|a Paulus Venetus 1552-1623
|a Sardi, Giansimone 1552-1623
|a Paolo fra 1552-1623
|a Polan, Pierre S. 1552-1623
|a Suavis-Polanus, Petrus 1552-1623
|a Ingenuis, Franc. de 1552-1623
|a Scarpus, Paulus 1552-1623
|a Paolo dell'Ordine de' Servi 1552-1623
|a Paolo de Servi 1552-1623
|a Paolo Venetiano 1552-1623
|
| 240 |
1 |
0 |
|a Historia del Concilio Tridentino <franz.>
|
| 245 |
1 |
0 |
|a Histoire Dv Concile De Trente
|c Traduite, De L'Italien De Pierre Soave Polan Par Jean Diodati
|
| 246 |
1 |
|
|i Ansetzungssachtitel
|a Histoire du Concile de Trente
|
| 246 |
3 |
0 |
|a istoria storia
|
| 250 |
|
|
|a Seconde Edition. Exactement, & fidelement conferée à l'Original
|
| 264 |
|
1 |
|a Troyes
|b Oudot
|c 1655
|
| 300 |
|
|
|a [2] Bl., 776 S., [4] Bl.
|c 2°
|
| 336 |
|
|
|a Text
|b txt
|2 rdacontent
|
| 337 |
|
|
|a ohne Hilfsmittel zu benutzen
|b n
|2 rdamedia
|
| 338 |
|
|
|a Band
|b nc
|2 rdacarrier
|
| 500 |
|
|
|a Pierre Soave Polan ist Pseud. von Paolo Sarpi
|
| 500 |
|
|
|a Vorlageform der Veröffentlichungsangabe: A Troyes, Chez Nicolas Ovdaot, demeurant en la rue N. Dame, au Chappon d'Or Couronné
|
| 655 |
|
7 |
|a Ordensliteratur
|0 (DE-627)096632437
|2 local
|
| 689 |
0 |
0 |
|d f
|0 (DE-588)4121788-3
|0 (DE-627)105767077
|0 (DE-576)209546158
|2 gnd
|a Tridentinum
|d 1545-1563
|c Trient
|
| 689 |
0 |
|
|5 (DE-627)
|
| 700 |
1 |
|
|e Übers.
|0 (DE-588)118907891
|0 (DE-627)14488979X
|0 (DE-576)210361069
|4 oth
|a Diodati, Giovanni
|d 1576-1649
|
| 700 |
1 |
2 |
|a Sarpi, Paolo
|d 1552-1623
|t Historia del Concilio Tridentino <franz.>
|
| 700 |
1 |
|
|0 (DE-588)1037593812
|0 (DE-627)756152623
|0 (DE-576)391636073
|4 prt
|a Oudot, Nicolas
|d 1565-1636
|
| 935 |
|
|
|a FBGO
|a mteo
|
| 936 |
b |
k |
|a 11.54
|j Katholizismus
|0 (DE-627)106402668
|
| 951 |
|
|
|a BO
|
| ELC |
|
|
|b 1
|
| LOK |
|
|
|0 000 xxxxxcx a22 zn 4500
|
| LOK |
|
|
|0 001 4555753445
|
| LOK |
|
|
|0 003 DE-627
|
| LOK |
|
|
|0 004 213055007
|
| LOK |
|
|
|0 005 20250203073438
|
| LOK |
|
|
|0 008 240723||||||||||||||||ger|||||||
|
| LOK |
|
|
|0 040
|a DE-Tue135
|c DE-627
|d DE-Tue135
|
| LOK |
|
|
|0 092
|o n
|
| LOK |
|
|
|0 852
|a DE-Tue135
|
| LOK |
|
|
|0 852 1
|9 00
|
| LOK |
|
|
|0 866
|x SPQUE#Forschungsbibliothek Gotha#SPSAM#Herzogliche Sammlung (Theologie)#SPSYS#03 Theologie
|
| LOK |
|
|
|0 866
|x SPQUE#Forschungsbibliothek Gotha#SPSAM#Bestand Theologie (bis 2024-03)
|
| LOK |
|
|
|0 935
|a FBGO
|a gohs
|a goth
|
| LOK |
|
|
|0 939
|a 23-07-24
|b l01
|
| ORI |
|
|
|a SA-MARC-ixtheoa001.raw
|
| SYG |
0 |
0 |
|a Concilium Tridentinum,1545-1563,Trient,Trienter Konzil,1545-1563,Trient,Tridentinisches Konzil,1545-1563,Trient,Konzil von Trient,1545-1563,Trient,Concil von Trient,1545-1563,Trient,Concilio Tridentino,1545-1563,Trient,Trenton Kirkolliskokous,1545-1563,Trient,Trenton Konsiili,1545-1563,Trient,Konzil,1545-1563,Trient,Concili,1545-1563,Trient,Concilie,1545-1563,Trient,Concile,1545-1563,Trient,Konsiili,1545-1563,Trient,Kirkolliskokous,1545-1563,Trient,Ecclesia Catholica,1545-1563,Trient,Katholische Kirche,1545-1563,Trient,Council of Trent,1545-1563,Trient
|